1696 1387 1189 1271 1541 1590 1971 1205 1940 1942 1866 1868 1765 1704 1331 1662 1598 1971 1968 1632 1979 1921 1056 1603 1964 1385 1101 1654 1286 1524 1663 1645 1235 1048 1859 1711 1902 1787 1758 1955 1935 1551 1592 1903 1563 1496 1613 1487 1758 1050 1215 1453 1392 1075 1629 1873 1369 1600 1629 1840 1930 1417 1478 1391 1439 1852 1203 1773 1544 1747 1878 1737 1042 1208 1840 1863 1384 1312 1184 1097 1145 1278 1252 1945 1900 1970 1309 1024 1043 1022 1281 1652 1165 1527 1668 1973 1572 1161 1302 BCNSPRNW ULIB Ver.6.0+V

เปลี่ยนเป็นภาษาไทย

Change to English
 แสดงรายละเอียดบรรณานุกรม
  กลับหน้าหลัก

Brief Record : Get Marc (ISO 2709) : E-mail record : QR code < ปิดหน้าต่าง
LEADER : 00000nam 2200000uu 4500
001    13399110073
003     ULIB
008    110418s2552||||th 000 0 tha d
020    9786167098029
060 04 WI100^bพ728ก 2552
100 0  พิมลวัลย์ ดีงามสุข
245 10 "กระเพาะอาหาร"อวัยวะที่ไม่ได้มีไว้แค่ย่อยอาหาร/^cพิมพ์ใจ กันต์ดินทร์ทร
260    นนทบุรี :^bฟีลกู๊ด,^c2552
300    208 หน้า :^bภาพประกอบ
650  7 กระเพาะอาหาร
650  7 ย่อยอาหาร
945    ^p155^l0^i027022
945    ^p155^l0^i027023
995    ทศพร
999 ^a ใช้งานได้ทุกระบบ
รายการนี้ยังไม่มีแท็ก
คุณยังไม่ได้ล็อกอิน คุณสามารถมีกิจกรรมร่วมกับเว็บไซต์ได้ แต่ต้องล็อกอินก่อน ::
  ล็อกอิน

รายการสื่อสารสนเทศ

ลำดับที่ ประเภท เลขเรียก/บาร์โค้ด สถานที่ สถานะ
- ไม่พบข้อมูล -

รายการใกล้เคียง
    ผู้แต่ง [พิมลวัลย์ ดีงามสุข]

    หัวเรื่อง [กระเพาะอาหาร]
    หัวเรื่อง [ย่อยอาหาร]

BibComment


ยังไม่เคยถูกคอมเมนท์

คอมเมนท์ทรัพยากรรายการนี้
  คอมเมนท์: กระเพาะอาหารอวัยว..

สมาชิกที่บันทึกรายการนี้ไว้ในรายการโปรด
เกรียงไกร หร่ายอุดทา

 Copyright 2026. Bcnsprnw @Library